000
00298 a2200157 4500
001
61439
020
_a
040
_c
Anchieta - Pituba
100
_a
Silvernale, Max N.
240
1
0
_a
Zoologia
_l
Esp
245
1
0
_a
Zoologia
300
_a
671
362
0
_a
1968
650
4
_a
Animal
942
_c
BK
999
_c
61439
_d
61439